| 000 | 00418nam a2200157Ia 4500 | ||
|---|---|---|---|
| 008 | 210716s2008 xx 000 0 und d | ||
| 020 | _a9788180546709 | ||
| 041 | _aeng | ||
| 082 | _a332.12 SUNK | ||
| 100 | _aSundharam, K P M; Varshney, P N. | ||
| 245 | _aBanking theory law and practice. | ||
| 250 | _a1 | ||
| 260 |
_aNew Delhi _bSulthan Chand and Sons _c2008 |
||
| 300 | _axvii,2.413,SQP-66 | ||
| 650 | _aBanking | ||
| 999 |
_c203354 _d203354 |
||